000 01069nas a2200241 454500
001 29709
005 20260407193508.0
008 260407s1947####ag###########|||spa#d
003 AR-UNSa-BCEJYS
040 _aAR-UNSa-BCEJYS
_bspa
_cAR-UNSa-BCEJYS
080 _a311.3
_xOrganización general de las estadisticas. Estadística oficial
245 1 0 _aBoletín estadístico
264 1 _aBuenos Aires :
_bMinisterio de Hacienda, Economía y Previsión
_c1947
310 _aFrecuencia: Trimestral A partir del 1º Trimestre del año 1968 cambia el autor institucional por Ministerio de Economía. Dirección de Estadística
041 _aspa
942 _cSER
590 _aniveau_biblio:s niveau_hierar:1
100 1 _aArgentina. Ministerio de Hacienda, Economía y Previsión. Dirección General de Estadística e Investigaciones. Instituto de Econometría
650 _aESTADISTICA
650 _aDatos estadísticos
650 _aBUENOS AIRES
856 4 1 _uhttps://biblioeco.unsa.edu.ar/pmb/images/revistas/Boletin Estadistico-r14347.jpg
_yImagen de portada
_qimage/jpeg
999 _c8678
_d8678